000 00445nam a2200205Ia 4500
001 110588
003 YMCAF
005 20230512162422.0
008 100717s2003 ||||||||||||||||| ||und|d
024 _a110588
035 _aWB1575
040 _aYMCAF
_beng
_cIN-KoLT
041 _aeng
082 _a004.16
_bKUM
100 _aKumar, K Udya
245 0 _aAdvanced microprocessors
260 _bTMH
_c2003
300 _a462
942 _2ddc
_cBK
999 _c11890
_d11890